Figuras y estrategias : en torno a una semiótica de lo visual /

Guardat en:
Dades bibliogràfiques
Autor principal: Hernández Aguilar, Gabriel (selec.)
Format: Llibre
Idioma:espanyol
Publicat: México : Puebla, México : Siglo XXI ; Benemérita Universidad Autónoma de Puebla, 1994, c1994
Col·lecció:(Lingüística y Teoría Literaria)
Matèries:
Etiquetes: Afegir etiqueta
Sense etiquetes, Sigues el primer a etiquetar aquest registre!

MARC

LEADER 00000nam^a2200000^a^4500
001 000138184
005 20250521000000.0
009 20260310095418.795
020 |a 968-23-1934-X 
037 |a Acervo ITESO - Biblioteca 
041 |a ESP 
082 |a 302. 23501  |b HER 
100 |a Hernández Aguilar, Gabriel  |e (selec.) 
245 1 0 |a Figuras y estrategias :  |b en torno a una semiótica de lo visual /  |c Selec., introd. y tr. por G. Hernánez Aguilar. 
264 4 |a México :  |b Siglo XXI ;  |a Puebla, México :  |b Benemérita Universidad Autónoma de Puebla,  |c 1994, c1994 
300 |a 226 p. 
336 |a texto  |b txt  |2 rdacontenido 
337 |a sin mediación  |b n  |2 rdamedio 
338 |a volumen  |b nc  |2 rdasoporte 
440 1 |a (Lingüística y Teoría Literaria) 
649 |a XX 
650 |a Cine -  |x Teoría 
650 |a Fotografía -  |x Teoría 
650 |a Pintura -  |x Teoría 
650 |a Semiótica y Comunicación 
650 |a Semiótica y Arte 
650 |a Lingüística 
650 |a Medios de Comunicación 
650 |a Comunicación Masiva 
650 |a Comunicación Visual 
910 |a Fondo General 
920 |a Impresos - Libros 
930 |a Colección General 
905 |a 101 
901 |a 0500068259  |b IT1  |c ACC  |u 20250521 
902 |a https://opac.biblio.iteso.mx/vufind/Record/000138184